000 00532nam a2200157 i 4500
001 43448
003 ES-MaACL
005 20230906160808.0
007 t|
008 030317s1930 ag ||||1| spa d
245 0 0 _aEscuela Industrial de la Nación "Otto Krause"
_b: cuarto suplemento al catálogo de la Biblioteca Tecnológica.
260 _aBuenos Aires :
_bTomás Palumbo,
_c1930.
300 _a142 p. ;
_c27 cm.
710 1 _aEscuela Industrial de la Nación "Otto Krauser" (Buenos Aires)
_93572
852 _aES-MaACL
_j1754-F-18
999 _c43448
_d43448